WWII Operations - Statistics

General Stats
  • This quiz has been taken 14 times
    3 since last reset
  • The average score is 5 of 15
Answer Stats
Hint Answer % Correct
Invasion of Normandy Overlord
100%
Germany invasion of the Soviet Union Barbarossa
67%
Evacuation from Dunkirk Dynamo
67%
German plan for invading Britain Sea Lion
67%
American/British invasion of Morocco and Libya Torch
67%
Allied invasion of Sicily Husky
33%
Soviet counterattack at Stalingrad Uranus
33%
Guadalcanal campaign Watchtower
33%
German invasion of Yugoslavia 25
0%
Battle of the Bulge Autumn Mist
0%
Iwo Jima campaign Detatchment
0%
The Night of Long Knives Hummingbird
0%
Invasion of Okinawa Iceberg
0%
German dash across the English Channel Thunderbolt
0%
Bombing of Dresden Thunderclap
0%
No matching quizzes found
Score Distribution
Percent of People with Each Score
Percentile by Number Answered
Your Score History
You have not taken this quiz since the last reset